Guess the Fusion Rock Song Lyrics #244 - Statistics

General Stats
  • This quiz has been taken 12 times
  • The average score is 351 of 432
Answer Stats
Answer % Correct
a
100%
and
100%
And
100%
be
100%
can
100%
I
100%
In
100%
in
100%
It
100%
it
100%
I've
100%
no
100%
of
100%
On
100%
on
100%
one
100%
the
100%
The
100%
to
100%
you
100%
You
100%
your
100%
been
90%
days
90%
desert
90%
horse
90%
is
90%
its
90%
My
90%
see
90%
There
90%
there
90%
with
90%
ain't
80%
all
80%
at
80%
But
80%
Cause
80%
felt
80%
good
80%
La
80%
la
80%
me
80%
name
80%
out
80%
pain
80%
part
80%
rain
80%
remember
80%
thing
80%
through
80%
was
80%
were
80%
After
70%
America
70%
began
70%
first
70%
for
70%
give
70%
hot
70%
journey
70%
life
70%
red
70%
rocks
70%
skin
70%
sun
70%
things
70%
turn
70%
above
60%
fun
60%
ground
60%
had
60%
hills
60%
lookin
60%
love
60%
ocean
60%
river
60%
that
60%
think
60%
two
60%
Under
60%
will
60%
air
50%
Because
50%
bed
50%
birds
50%
dry
50%
free
50%
heart
50%
Made
50%
made
50%
sand
50%
sea
50%
sound
50%
three
50%
told
50%
underground
50%
cities
40%
clouds
40%
dead
40%
flowed
40%
fly
40%
full
40%
let
40%
met
40%
nine
40%
perfect
40%
plants
40%
run
40%
sad
40%
sky
40%
story
40%
turned
40%
buzz
30%
disguise
30%
heat
30%
humans
30%
lies
20%
rings
10%
No matching quizzes found
Score Distribution
Percent of People with Each Score
Percentile by Number Answered
Your Score History
You have not taken this quiz